A symposium on analytical methods developed for application to lunar samples analyses : (Record no. 159140)

MARC details
000 -LEADER
fixed length control field 01179cam a2200265 4500
008 - FIXED-LENGTH DATA ELEMENTS--GENERAL INFORMATION
fixed length control field
020 ## - INTERNATIONAL STANDARD BOOK NUMBER
International Standard Book Number 0453900038 (hbk.)
049 ## - LOCAL HOLDINGS (OCLC)
Holding library MAIN
090 ## - LOCALLY ASSIGNED LC-TYPE CALL NUMBER (OCLC); LOCAL CALL NUMBER (RLIN)
Classification number (OCLC) (R) ; Classification number, CALL (RLIN) (NR) TK6571.5
003 - CONTROL NUMBER IDENTIFIER
control field
005 - DATE AND TIME OF LATEST TRANSACTION
control field 20230123134040.0
040 ## - CATALOGING SOURCE
Transcribing agency NUST
111 1# - MAIN ENTRY--MEETING NAME
Meeting name or jurisdiction name as entry element Analytical Methods Developed for Application to Lunar Samples Analyses :
Number of part/section/meeting (75th :
Date of meeting or treaty signing 1972 June 25-30 :
Location of meeting Los Angeles)
245 12 - TITLE STATEMENT
Title A symposium on analytical methods developed for application to lunar samples analyses :
Remainder of title presented at the 75th annual meeting, American Society for Testing and Materials, Los Angeles, Calif., 25-30 June 1972.
260 ## - PUBLICATION, DISTRIBUTION, ETC.
Place of publication, distribution, etc. Philadelphia :
Name of publisher, distributor, etc. American Society for Testing and Materials,
Date of publication, distribution, etc. c1973.
300 ## - PHYSICAL DESCRIPTION
Extent vi, 150 p. :
Other physical details ill. ;
Dimensions 24cm.
440 ## - SERIES STATEMENT/ADDED ENTRY--TITLE
Title ASTM special technical publication,
International Standard Serial Number 539.
504 ## - BIBLIOGRAPHY, ETC. NOTE
Bibliography, etc. note Includes bibliographical references.
650 #0 - SUBJECT ADDED ENTRY--TOPICAL TERM
Topical term or geographic name entry element Lunar petrology
General subdivision Congresses.
650 #0 - SUBJECT ADDED ENTRY--TOPICAL TERM
Topical term or geographic name entry element Lunar geology
General subdivision Congresses.
650 #0 - SUBJECT ADDED ENTRY--TOPICAL TERM
Topical term or geographic name entry element Spectrum analysis
General subdivision Congresses.
710 2# - ADDED ENTRY--CORPORATE NAME
Corporate name or jurisdiction name as entry element American Society for Testing and Materials.
Subordinate unit Committee F-7 on Aerospace Industry Methods.
907 ## - LOCAL DATA ELEMENT G, LDG (RLIN)
a .b10169593
b 12-10-05
c 28-07-05
942 ## - ADDED ENTRY ELEMENTS (KOHA)
Koha item type Ordinary Loan Books
Call number prefix TK6571.5
Holdings
Date last seen Total Checkouts Full call number Barcode Cost, replacement price Price effective from Koha item type Lost status Source of classification or shelving scheme Damaged status Not for loan Collection Withdrawn status Home library Current library Shelving location Date acquired Cost, normal purchase price
01/23/2023   TK6571.5 SYM 92003022842 80.00 01/23/2023 BOOKS   LCC     NFIC   MAIN MAIN GEN 01/23/2023 80.00